Drawing / (Record no. 12331)

000 -LEADER
fixed length control field 01029cam a22002894a 4500
003 - CONTROL NUMBER IDENTIFIER
control field OSt
005 - DATE AND TIME OF LATEST TRANSACTION
control field 20240117115758.0
008 - FIXED-LENGTH DATA ELEMENTS--GENERAL INFORMATION
fixed length control field 080616s2009 nyua 000 0 eng d
020 ## - INTERNATIONAL STANDARD BOOK NUMBER
International Standard Book Number 9780764161827
041 1# - LANGUAGE CODE
Language code of text/sound track or separate title eng
Language code of original and/or intermediate translations of text spa
082 04 - DEWEY DECIMAL CLASSIFICATION NUMBER
Classification number 741.2
Edition number 22
Item number ASU
100 1# - MAIN ENTRY--PERSONAL NAME
Personal name Asunción, Josep.
240 10 - UNIFORM TITLE
Uniform title <a href="Dibujo creativo">Dibujo creativo</a>
Language of a work English
245 10 - TITLE STATEMENT
Title Drawing /
Statement of responsibility, etc [text, Josep Asuncion and Gemma Guasch; English translation by Michael Brunelle and Beatriz Cortabarria].
246 17 - VARYING FORM OF TITLE
Title proper/short title Creative techniques :
Remainder of title drawing
250 ## - EDITION STATEMENT
Edition statement 1st ed. for the U.S.
260 ## - PUBLICATION, DISTRIBUTION, ETC. (IMPRINT)
Place of publication, distribution, etc Happauge, N.Y. :
Name of publisher, distributor, etc Barron's,
Date of publication, distribution, etc 2009.
300 ## - PHYSICAL DESCRIPTION
Extent 143 p. :
Other physical details ill. (chiefly col.) ;
Dimensions 28 cm.
490 0# - SERIES STATEMENT
Series statement Creative techniques
500 ## - GENERAL NOTE
General note "Original title in Spanish: Dibujo creativo."--T.p. verso.
500 ## - GENERAL NOTE
General note "14 distinctive approaches to drawing with more than 100 creative ideas."--P. 4 of cover.
700 1# - ADDED ENTRY--PERSONAL NAME
Personal name Guasch, Gemma.
700 1# - ADDED ENTRY--PERSONAL NAME
Personal name Brunelle, Michael.
700 1# - ADDED ENTRY--PERSONAL NAME
Personal name Cortabarria, Beatriz.
710 2# - ADDED ENTRY--CORPORATE NAME
Corporate name or jurisdiction name as entry element Barron's Educational Series, Inc.
942 ## - ADDED ENTRY ELEMENTS (KOHA)
Source of classification or shelving scheme
Holdings
Withdrawn status Lost status Source of classification or shelving scheme Damaged status Koha normalized classification for sorting Not for loan Permanent location Current location Date acquired Source of acquisition Cost, normal purchase price Full call number Barcode Date last seen Cost, replacement price Price effective from Koha item type
        741_200000000000000_ASU   BMS College of Architecture, Design and Planning BMS College of Architecture, Design and Planning 2024-01-17 1 1730.73 741.2 ASU AR-UG3596 2024-01-17 2307.64 2024-01-17 UG Books
Copyright © 2025, The Librarian, Library and Information Centre, BMSCA D&P, Bengaluru. All Rights Reserved
web counter

Powered by Koha